Archaic Greek alphabets - Statistics

General Stats
  • This quiz has been taken 52 times
  • The average score is 8 of 18
Answer Stats
Picture Hint Answer % Correct
Laconia, Thessaly, ... delta
89%
Various cities alpha
82%
Athens, ... lambda
68%
Athens, ... sigma
66%
Various cities mu
53%
Various cities nu
53%
Various cities pi
50%
Megara, ... upsilon
45%
Paros omega
42%
Paros omicron
42%
Corinth iota
34%
Various cities qoppa
34%
Various cities digamma
29%
Various cities gamma
26%
Various cities zeta
24%
Corinth epsilon
18%
Corinth, Sicyon, ... san
16%
Megara, Byzantion beta
13%
No matching quizzes found
Score Distribution
Percent of People with Each Score
Percentile by Number Answered
Your Score History
You have not taken this quiz